Central Library OPAC University of Rajshahi

The development of logic / (Record no. 30836)

MARC details
000 -LEADER
fixed length control field 00795cam a22002651 4500
001 - CONTROL NUMBER
control field 30836
003 - CONTROL NUMBER IDENTIFIER
rucl marc code BD-RjUL
005 - DATE AND TIME OF LATEST TRANSACTION
control field 20211209051625.0
008 - FIXED-LENGTH DATA ELEMENTS--GENERAL INFORMATION
fixed length control field 140412r19681962enka b 001 0 eng
035 ## - SYSTEM CONTROL NUMBER
System control number (BD-RjUL)30923
System control number (OCoLC)373178
040 ## - CATALOGING SOURCE
Original cataloging agency DLC
Transcribing agency ODaWU
Modifying agency OCoLC
-- Uk
-- DLC
-- BD-RjUL
Language of cataloging eng
041 ## - LANGUAGE CODE
Language code of text/sound track or separate title eng
082 ## - DEWEY DECIMAL CLASSIFICATION NUMBER
Classification number 160.9
Author mark and year KND 1968
100 1# - MAIN ENTRY--PERSONAL NAME
Personal name Kneale, W. C.
Fuller form of name (William Calvert)
9 (RLIN) 5088
245 14 - TITLE STATEMENT
Title The development of logic /
Statement of responsibility, etc. by William Kneale and Martha Kneale.
260 ## - PUBLICATION, DISTRIBUTION, ETC. (IMPRINT)
Place of publication, distribution, etc. Oxford :
Name of publisher, distributor, etc. Clarendon Press,
Date of publication, distribution, etc. 1962 ]Reprint 1968].
300 ## - PHYSICAL DESCRIPTION
Pagination vi, 761 p. :
Illustrations illus. ;
Size 22 cm.
504 ## - BIBLIOGRAPHY, ETC. NOTE
Bibliography, etc Includes bibliography & Index.
650 #0 - SUBJECT ADDED ENTRY--TOPICAL TERM
Topical term or geographic name as entry element Logic
General subdivision History.
9 (RLIN) 93657
700 1# - ADDED ENTRY--PERSONAL NAME
Personal name Kneale, Martha.
942 ## - ADDED ENTRY ELEMENTS (KOHA)
Source of classification or shelving scheme Dewey Decimal Classification
Koha item type Books
Holdings
Lost status Source of classification or shelving scheme Damaged status Not for loan Collection code Permanent Location Current Location Shelving location Date acquired Source of acquisition Cost, normal purchase price Total Checkouts Full call number Date last seen Copy number Koha item type
  Dewey Decimal Classification   Not For Loan Non-fiction Central Library, University of Rajshahi Central Library, University of Rajshahi Reading Room 11/02/1970 Zeit 84.00   160.9 KND 1968 12/04/2014 C-1 Books